| 000 | 00465nam a2200193Ia 4500 | ||
|---|---|---|---|
| 005 | 20240823013033.0 | ||
| 008 | 240823s9999||||xx |||||||||||||| ||und|| | ||
| 020 | _a0-07-047355-2 | ||
| 041 | _aENGLISH | ||
| 082 | _A610.28 P3 | ||
| 100 | _aKhandpur R S | ||
| 245 | 0 | _aHandbook of Biomedical Instrumentation | |
| 250 | _a2nd | ||
| 260 |
_c2003 _bTMH New D |
||
| 500 | _aTRANSFERED | ||
| 650 |
_aBiomedical _bInstrumentation |
||
| 942 | _cBK | ||
| 999 |
_c166111 _d166111 |
||